Construction output down by 1.3% in euro area (Record no. 112947)

MARC details
000 -LEADER
fixed length control field 01079cad a22002175a 4500
001 - CONTROL NUMBER
control field L154352
008 - FIXED-LENGTH DATA ELEMENTS--GENERAL INFORMATION
fixed length control field 111117e20111117 d f s i000 0 eng d
035 ## - SYSTEM CONTROL NUMBER
System control number (Sirsi) u154352
041 0# - LANGUAGE CODE
Language code of text/sound track or separate title eng
110 2# - MAIN ENTRY--CORPORATE NAME
Corporate name or jurisdiction name as entry element Eurostat
9 (RLIN) 1416
245 00 - TITLE STATEMENT
Title Construction output down by 1.3% in euro area
Medium [electronic resource]
260 ## - PUBLICATION, DISTRIBUTION, ETC.
Date of publication, distribution, etc. 2011
490 #0 - SERIES STATEMENT
Series statement Eurostat News Release
Volume/sequential designation (169/2011) 17 November 2011
520 ## - SUMMARY, ETC.
Summary, etc. In the construction sector, seasonally adjusted production fell by 1.3% in the euro area and by 1.0% in the EU in September 2011, compared with the previous month. In August, production decreased by 0.4% and 0.3% respectively. Compared with September 2010, output in September 2011 increased by 0.4% in the euro area and by 0.6% in the EU.
590 ## - LOCAL NOTE (RLIN)
Local note KA
650 24 - SUBJECT ADDED ENTRY--TOPICAL TERM
Topical term or geographic name entry element EUROSTAT MONTHLY CONSTRUCTION INDEX
651 #4 - SUBJECT ADDED ENTRY--GEOGRAPHIC NAME
Geographic name Europe
690 ## - LOCAL SUBJECT ADDED ENTRY--TOPICAL TERM (OCLC, RLIN)
Topical term or geographic name as entry element BUILT ENVIRONMENT-CONSTRUCTION MARKET
856 40 - ELECTRONIC LOCATION AND ACCESS
Uniform Resource Identifier <a href="https://epp.eurostat.ec.europa.eu/cache/ITY_PUBLIC/4-17112011-AP/EN/4-17112011-AP-EN.PDF">https://epp.eurostat.ec.europa.eu/cache/ITY_PUBLIC/4-17112011-AP/EN/4-17112011-AP-EN.PDF</a>
Public note View the item free of charge at http://epp.eurostat.ec.europa.eu
942 ## - ADDED ENTRY ELEMENTS (KOHA)
Suppress in OPAC 0
Holdings
Withdrawn status Lost status Source of classification or shelving scheme Damaged status Not for loan Home library Current library Shelving location Date acquired Total Checkouts Full call number Barcode Date last seen Copy number Price effective from Koha item type
    Dewey Decimal Classification     Virtual Virtual Online 17/11/2011   ONLINE PUBLICATION 154352-2001 06/08/2019 1 06/08/2019 Book